Spot tests in organic analysis / (Record no. 10001)
[ view plain ]
| 000 -LEADER | |
|---|---|
| fixed length control field | 00957nam a2200277 a 4500 |
| 001 - CONTROL NUMBER | |
| control field | 10001 |
| 003 - CONTROL NUMBER IDENTIFIER | |
| rucl marc code | BD-RjUL |
| 005 - DATE AND TIME OF LATEST TRANSACTION | |
| control field | 20211208234857.0 |
| 008 - FIXED-LENGTH DATA ELEMENTS--GENERAL INFORMATION | |
| fixed length control field | 161206s1960 ne a b 000 0 eng c |
| 035 ## - SYSTEM CONTROL NUMBER | |
| System control number | (BD-RjUL)10048 |
| -- | OCLC ocm00611237 from D970821M |
| 040 ## - CATALOGING SOURCE | |
| Original cataloging agency | DLC/ICU |
| Transcribing agency | CGU |
| Modifying agency | OCL |
| -- | UKM |
| -- | EQO |
| -- | BD-RjUL |
| Language of cataloging | eng |
| 041 1# - LANGUAGE CODE | |
| Language code of text/sound track or separate title | engger |
| 082 00 - DEWEY DECIMAL CLASSIFICATION NUMBER | |
| Classification number | 543.22 |
| Author mark and year | FES 1960 |
| Edition number | 23 |
| 100 1# - MAIN ENTRY--PERSONAL NAME | |
| Personal name | Feigl, Fritz, |
| Dates associated with a name | 1891-1971. |
| 9 (RLIN) | 30881 |
| 245 10 - TITLE STATEMENT | |
| Title | Spot tests in organic analysis / |
| Statement of responsibility, etc. | Translated by Ralph E. Oesper. |
| 250 ## - EDITION STATEMENT | |
| Edition statement | 6th, enl. and rev. English ed. |
| 260 ## - PUBLICATION, DISTRIBUTION, ETC. (IMPRINT) | |
| Place of publication, distribution, etc. | Amsterdam ; |
| -- | New York : |
| Name of publisher, distributor, etc. | Elsevier Pub. Co., |
| Date of publication, distribution, etc. | 1960. |
| 300 ## - PHYSICAL DESCRIPTION | |
| Pagination | xx,675 p. : |
| Illustrations | ill. ; |
| Size | 23 cm. |
| 504 ## - BIBLIOGRAPHY, ETC. NOTE | |
| Bibliography, etc | Includes index. |
| 650 #0 - SUBJECT ADDED ENTRY--TOPICAL TERM | |
| Topical term or geographic name as entry element | Spot tests Analytic (Chemistry) |
| General subdivision | Qualitative. |
| 9 (RLIN) | 29273 |
| Topical term or geographic name as entry element | Chemistry, Analytic |
| 9 (RLIN) | 30882 |
| Topical term or geographic name as entry element | Chemistry, Organic. |
| 9 (RLIN) | 28406 |
| 942 ## - ADDED ENTRY ELEMENTS (KOHA) | |
| Source of classification or shelving scheme | Dewey Decimal Classification |
| Koha item type | Books |
| Lost status | Source of classification or shelving scheme | Damaged status | Not for loan | Collection code | Permanent Location | Current Location | Shelving location | Date acquired | Source of acquisition | Cost, normal purchase price | Total Checkouts | Full call number | Date last seen | Copy number | Koha item type |
|---|---|---|---|---|---|---|---|---|---|---|---|---|---|---|---|
| Dewey Decimal Classification | Non-fiction | Central Library, University of Rajshahi | Central Library, University of Rajshahi | 27/11/1965 | Zeit | 68.00 | 543.22 FES 1960 | 22/01/2014 | C-2 | Books | |||||
| Dewey Decimal Classification | Not For Loan | Non-fiction | Central Library, University of Rajshahi | Central Library, University of Rajshahi | Reading Room | 27/11/1965 | Zuit | 68.00 | 543.22 FES 1960 | 22/01/2014 | C-1 | Books | |||
| Dewey Decimal Classification | Non-fiction | Central Library, University of Rajshahi | Central Library, University of Rajshahi | 27/11/1965 | Zeetlinger | 68.00 | 543.22 FES 1960 | 21/05/2017 | C-3 | Books | |||||
| Dewey Decimal Classification | Non-fiction | Central Library, University of Rajshahi | Central Library, University of Rajshahi | 27/11/1965 | Zeit | 68.00 | 543.22 FES 1960 | 05/06/2017 | C-4 | Books |